000
00283nam a22001217a 4500
008
170712b xxu||||| |||| 00| 0 eng d
041
_a
eng
080
_a
038
100
_a
26
101
_a
FJA
245
_a
THE OXFORD AMERICAN COLLEGE DICTIONARY
_c
PUTMAN.G.S
942
_2
udc
_c
BK
999
_c
20296
_d
20296